[Event "CHI-ch sf"]
[Site "San Clemente"]
[Date "2019.01.24"]
[Round "1.1"]
[White "Garcia Cardenas, Pablo"]
[Black "Rios Soto, Guillermo Alejandro"]
[Result "1-0"]
[WhiteElo "2443"]
[BlackElo "1803"]
[PlyCount "43"]
[EventDate "2019.01.24"]
[EventType "swiss"]
[EventRounds "8"]
[EventCountry "CHI"]
[SourceTitle "EXT 2024"]
[Source "ChessBase"]
[SourceDate "2023.10.10"]
[SourceVersion "1"]
[SourceVersionDate "2023.10.10"]
[SourceQuality "1"]

1. d4 Nf6 2. c4 e6 3. Nc3 Bb4 4. Qc2 b6 5. e4 Bb7 6. Bd3 c5 7. d5 Qe7 8. Nge2 exd5 9. exd5 b5 10. b3 bxc4 11. bxc4 Ng4 12. 0-0 Ne5 13. Nb5 d6 14. Ng3 g6 15. a3 Ba5 16. Qa4 0-0 17. Qxa5 Nxd3 18. Bh6 Rc8 19. Qc3 Ne5 20. f4 a6 21. fxe5 dxe5 22. Nf5 1-0